Ballon d'Or 2014 - Statistiken

Allgemein
  • Dieses Quiz wurde 570 mal gespielt
  • Das Durchschnittsergebnis liegt bei 19 aus 23
Antwortstatistiken
Platz Spieler Verein/e Nation Stimmenanteil % Korrekt
1. Cristiano Ronaldo Real Madrid Portugal 37,66%
100%
2. Lionel Messi FC Barcelona Argentinien 15,76%
100%
4. Arjen Robben FC Bayern München Niederlande 7,17%
98%
3. Manuel Neuer FC Bayern München Deutschland 15,72%
98%
7. Neymar FC Barcelona Brasilien 2,21%
98%
9. Toni Kroos FC Bayern München/Real Madrid Deutschland 1,43%
97%
12. Gareth Bale Real Madrid Wales 1%
95%
12. Zlatan Ibrahimovic Paris Saint-Germain Schweden 1%
95%
5. Thomas Müller FC Bayern München Deutschland 5,42%
94%
8. James Rodriguez AS Monaco/Real Madrid Kolumbien 1,47%
93%
6. Philipp Lahm FC Bayern München Deutschland 2,9%
93%
18. Bastian Schweinsteiger FC Bayern München Deutschland 0,57%
85%
16. Karim Benzema Real Madrid Frankreich 0,75%
85%
17. Andrés Iniesta FC Barcelona Spanien 0,67%
82%
10. Ángel Di María Real Madrid/Manchester United Argentinien 1,29%
82%
14. Yaya Touré Manchester City Elfenbeinküste 0,86%
82%
23. Sergio Ramos Real Madrid Spanien 0,33%
79%
22. Paul Pogba Juventus Turin Frankreich 0,4%
78%
19. Javier Mascherano FC Barcelona Argentinien 0,55%
68%
20. Thibaut Courtois Atletico Madrid/FC Chelsea Belgien 0,51%
65%
15. Mario Götze FC Bayern München Deutschland 0,84%
62%
21. David Luiz FC Chelsea/Paris Saint-Germain Brasilien 0,47%
58%
11. Diego Costa Atletico Madrid/FC Chelsea Spanien 1,02%
50%
Keine übereinstimmenden Quizze gefunden
Verteilung der Resultate
Anzahl Personen mit jedem Resultat
Perzentil nach korrekt beantworteten Fragen
Ihre Resultats-Entwicklung
Sie haben dieses Quiz noch nicht gespielt